Statistics for Volume Formulas

Click here to take the quiz!

General Stats

  • This quiz has been taken 4 times
  • The average score is 6 of 7

Answer Stats

FormulaShape% Correct
s^3Cube
100%
πr^2hCylinder
100%
4/3 πr^3Sphere
100%
lwh / 3Pyramid
75%
πr^2 / 3Cone
75%
lwhRectangular Prism
50%
bhl / 2Triangular Prism
50%

Score Distribution

Percentile by Number Answered

Percent of People with Each Score

Your Score History

You have not taken this quiz